Phân tích hiện trạng sản xuất và thị trường cá bớp (Rachycentron canadum) ở quần đảo Nam Du, tỉnh Kiên Giang : Luận văn tốt nghiệp Cao học. Chuyên ngành Quản lý nguồn lợi Thủy sản
Đánh giá hiện trạng nuôi và cung ứng cá bớp thương phẩm, phân tích kênh phân phối sản phẩm cá bớp.
Saved in:
| Main Author: | |
|---|---|
| Format: | Book |
| Language: | Undetermined |
| Published: |
Cần Thơ
Trường Đại học Cần Thơ
2017
|
| Subjects: | |
| Tags: |
Add Tag
No Tags, Be the first to tag this record!
|
| Institutions: | Trung tâm Học liệu Trường Đại học Cần Thơ |
|---|
| LEADER | 01004nam a2200193Ia 4500 | ||
|---|---|---|---|
| 001 | CTU_224392 | ||
| 008 | 210402s9999 xx 000 0 und d | ||
| 082 | |a 639.32 | ||
| 082 | |b H502 | ||
| 100 | |a Nguyễn, Lương Gia Huân | ||
| 245 | 0 | |a Phân tích hiện trạng sản xuất và thị trường cá bớp (Rachycentron canadum) ở quần đảo Nam Du, tỉnh Kiên Giang : | |
| 245 | 0 | |b Luận văn tốt nghiệp Cao học. Chuyên ngành Quản lý nguồn lợi Thủy sản | |
| 245 | 0 | |c Nguyễn Lương Gia Huân ; Nguyễn Thanh Long (Cán bộ hướng dẫn) | |
| 260 | |a Cần Thơ | ||
| 260 | |b Trường Đại học Cần Thơ | ||
| 260 | |c 2017 | ||
| 520 | |a Đánh giá hiện trạng nuôi và cung ứng cá bớp thương phẩm, phân tích kênh phân phối sản phẩm cá bớp. | ||
| 650 | |a Marine fishes,Cá biển | ||
| 980 | |a Trung tâm Học liệu Trường Đại học Cần Thơ | ||